Statistiques concernant Athènes - Culture générale

Cliquez ici pour prendre le quiz!

Statistiques générales

  • Ce quiz a été pris 5 093 fois
    (4 930 depuis la dernière actualisation)
  • Le résultat moyen est 11 sur 21

Statistiques - réponses

InformationRéponse% Correct
Système politique dont la ville est considérée comme le berceauDémocratie
90%
Temple le plus célèbre qui hébergeait une grande statue d'AthénaParthénon
87%
Cité rivale d'AthènesSparte
83%
La première version moderne s'y déroula en 1896Jeux Olympiques
74%
Quartier antique religieux "en hauteur"Acropole
67%
Arbre sacré qu'Athéna offrit à la villeOlivier
65%
Disciple du susmentionné qui relata ses dialoguesPlaton
63%
Philosophe adepte de la "maïeutique"Socrate
61%
Ils l'occupèrent de 1456 à 1834Ottomans
59%
Religion la plus pratiquéeEglise orthodoxe
58%
Philosophe pour qui tout est composé de cinq élémentsAristote
50%
Port imposant depuis l'AntiquitéLe Pirée
48%
Ils mirent à sac la ville en 480 av. J.-C.Perses
47%
Héros qui aurait unifié la ville après avoir vaincu le MinotaureThésée
47%
Un des grands clubs de football athéniensAEK Athènes / Olympiakos / Panathinaïkos
45%
Joueur de tennis athénien en finale de Roland-Garros 2021Stéfanos Tsitsipás
39%
Stratège et dirigeant athénien du Vème siècle av. J.-C.Périclès
36%
Péninsule européenne au bout de laquelle se trouve AthènesBalkans
31%
Dramaturge classique, auteur d'Antigone ou Œdipe RoiSophocle
26%
Nom de la périphérie d'Athènes (antique et moderne)Attique
18%
Fresque (1512) du peintre Raphaël qui se trouve au VaticanL'{École} d'Athènes
17%

Distribution des résultats

Percentile par nombre de réponses

% des personnes avec chaque résultat

Votre développement - résultats

Vous n’avez pas pris ce quiz depuis la dernière actualisation